00464 2200157 4500001002100000008004100021035002000062245008600082100002100168260003900189300002200228020002200250084001400272082000800286990001200294INLIS000000000002845 IND  a0010-0925000192 aBuku Pintar SIP (Super Intensif Praktis) KIMIA Kelas X, XI, XIIcTim Tentor Pakar aTim Tentor Pakar aYogyabCV. Oxygen Media Ilmuc2018 a198c(13 x 19 cm) a978-602-8811-96-5 a813 TEN b a813 a0755067